Statistics for The Beatles Quiz

Click here to take the quiz!

General Stats

  • This quiz has been taken 375 times
  • The average score is 10 of 15

Answer Stats

HintAnswer% Correct
Who was the last of the Fab Four to join the band?Ringo Starr
92%
"In the town where I was born, lived a man who sailed to sea," is from which song?Yellow Submarine
87%
What was the name of The Beatle's first film?A Hard Day's Night
85%
Which year did The Beatles play on the roof of the Apple building in London?1969
83%
Who did Paul supposedly write Hey Jude for?Julian Lennon
83%
Who was the US TV personality who's show they appeared on in 1964?Ed Sullivan
81%
Which partner of a Beatle caused tensions during recording for the White Album?Yoko Ono
80%
Ravi Shankar was a mentor to The Beatles on which instrument?Sitar
78%
What was the name of the aunt John lived with a a child?Mimi
77%
What was The Beatles' first single?Love Me Do
75%
Who did George marry in 1966?Pattie Boyd
64%
What was the lead single to 1965 album Help?Ticket to Ride
38%
How many consecutive weeks did Sgt. Pepper's top the UK album charts for?22
37%
Who angered Paul by putting the orchestral score onto The Long and Winding Road?Phil Spector
31%
Which grammar school did Paul and George attend?Liverpool Institute
18%

Score Distribution

Percentile by Number Answered

Percent of People with Each Score

Your Score History

You have not taken this quiz